000 00357 a2200121 4500
000 nam a22 7a 4500
005 20260310150735.0
020 _a9781032437712
100 _aWillem de Haas
_91131562
245 _aGroup Therapy and Group Dynamic Theory : A Professional Method for all Group-Based Treatment
260 _bRoutledge
_c2024
942 _cTEXL
999 _c1715050
_d1715050